| 000 | 00740nam a22001937a 4500 | ||
|---|---|---|---|
| 999 |
_c3710 _d3710 |
||
| 003 | AR-CdUCM | ||
| 008 | 190307b ||||| |||| 00| 0 esp d | ||
| 040 |
_aMUNICIPALIDAD PROVINCIAL DEL CUSCO _cBIBLIOTECA MUNICIPAL DEL CUSCO |
||
| 082 |
_a869.56 / _bR24 |
||
| 100 |
_aRamón Ribeyro, Julio _9482 |
||
| 245 |
_aTeatro / _cJulio Ramón Ribeyro |
||
| 260 |
_aLima : _bInstituto Nacional de cultura, _c1975. |
||
| 300 |
_a260 paginas ; _c18 cm. |
||
| 505 | _aContenido: Santiago, el pajarero -- El sótano -- Fin de semana -- Los caracoles -- Tres piezas en un acto: El último cliente; El uso de la palabra; Confusión en la prefectura. | ||
| 650 |
_aTeatro peruano _92697 |
||
| 650 |
_aSiglo XX _98 |
||
| 942 |
_2ddc _cLIBROS |
||
| 945 | _aacrt | ||